Effectif France - Euro 2021 - Statistiques

Statistiques générales
  • Ce quiz a été pris 122 fois
  • Le résultat moyen est 23 sur 27
Statistiques - réponses
POSTE CLUB NUMERO JOUEUR % Correct
G Tottenham 1 Hugo Lloris
99%
ATT PSG 10 Kylian Mbappé
96%
G Olympique de Marseille 16 Steve Mandanda
96%
ATT FC Barcelone 7 Antoine Griezmann
95%
DEF Real Madrid 4 Raphaël Varane
94%
DEF FC Séville 25 Jules Koundé
93%
ATT Real Madrid 19 Karim Benzema
93%
MIL Chelsea 13 N'Golo Kanté
93%
MIL Manchester United 6 Paul Pogba
93%
COACH - - Didier Deschamps
92%
ATT FC Barcelone 11 Ousmane Dembélé
90%
DEF PSG 3 Presnel Kimpembe
90%
DEF Bayern Munich 2 Benjamin Pavard
88%
ATT Chelsea 9 Olivier Giroud
88%
MIL Bayern Munich 12 Corentin Tolisso
85%
ATT Bayern Munich 20 Kingsley Coman
85%
DEF Bayern Munich 21 Lucas Hernandez
85%
ATT Borussia M'gladbach 26 Marcus Thuram
85%
DEF Everton 18 Lucas Digne
84%
MIL Atlético Madrid 8 Thomas Lemar
84%
G LOSC 23 Mike Maignan
83%
MIL Juventus 14 Adrien Rabiot
81%
DEF FC Barcelone 5 Clément Lenglet
74%
ATT AS Monaco 22 Wissam Ben Yedder
64%
MIL Tottenham 17 Moussa Sissoko
63%
DEF Olympique Lyonnais 24 Léo Dubois
47%
DEF Chelsea 15 Kurt Zouma
44%
Aucun quiz correspondant
Distribution des résultats
% des personnes avec chaque résultat
Percentile par nombre de réponses
Votre historique - résultats
Vous n’avez pas pris ce quiz